[Event "Rubinstein Mem"]
[Site "Polanica Zdroj POL"]
[Date "2000.08.17"]
[Round "1"]
[White "Krasenkow,M"]
[Black "Ivanchuk,V"]
[Result "1/2-1/2"]
[WhiteElo "2702"]
[BlackElo "2719"]

1.Nf3 d5 2.d4 Nf6 3.c4 c6 4.Nc3 dxc4 5.a4 Bf5 6.e3 e6 7.Bxc4 Bb4 8.O-O Nbd7
9.Nh4 Bg6 10.Nxg6 hxg6 11.h3 O-O 12.Qf3 Qa5 13.Bd2 Rad8 14.Rfd1 Rfe8 15.Be1 e5
16.dxe5 Nxe5 17.Qe2 Nxc4 18.Qxc4 Qc5 19.Qxc5  1/2-1/2

[Event "Rubinstein Mem"]
[Site "Polanica Zdroj POL"]
[Date "2000.08.17"]
[Round "1"]
[White "Shirov,A"]
[Black "Svidler,P"]
[Result "1/2-1/2"]
[WhiteElo "2746"]
[BlackElo "2689"]

1.e4 c5 2.Nf3 d6 3.d4 cxd4 4.Nxd4 Nf6 5.Nc3 a6 6.Be3 e6 7.g4 e5 8.Nf5 g6
9.g5 gxf5 10.exf5 d5 11.Qf3 d4 12.O-O-O Nbd7 13.Bd2 Qc7 14.Bd3 Nc5 15.gxf6 dxc3
16.Bxc3 Qc6 17.Qe3 e4 18.Bc4 Bxf5 19.Rd4 Ne6 20.Bd5 Qb6 21.Rc4 Bc5 22.Qg3 Bxf2
23.Qe5 Qe3+ 24.Kb1 Qf4 25.Qxf4 Nxf4 26.Bxb7 O-O 27.Rf1 Rad8 28.b3 Be3 29.Ba5 Bh3
30.Bxd8 Bxf1 31.Rxe4 Rxd8 32.Rxe3 h5 33.Kb2 Rd6 34.Rf3 Rxf6 35.Rxf1 Nd3+
36.Kc3 Rxf1 37.Kxd3 a5 38.a4 Rf4 39.c4 Kf8 40.b4 axb4 41.a5 b3 42.a6 b2 43.Kc2 Rxc4+
44.Kxb2 Ra4 45.Kb3 Ra1 46.Kc4 Ke7 47.Kd5 Kd7 48.Ke5 Kc7 49.Kf6 Rf1+ 50.Kg5 Rg1+
51.Kxh5 f5 52.h4 f4 53.Kh6 Rb1 54.Be4 Rb6+  1/2-1/2

[Event "Rubinstein Mem"]
[Site "Polanica Zdroj POL"]
[Date "2000.08.18"]
[Round "2"]
[White "Movsesian,S"]
[Black "Markowski,T"]
[Result "0-1"]
[WhiteElo "2666"]
[BlackElo "2568"]

1.e4 c5 2.Nf3 g6 3.d4 Bg7 4.d5 Nf6 5.Nc3 d6 6.Bb5+ Nbd7 7.a4 O-O 8.O-O a6
9.Be2 Rb8 10.Nd2 Ne8 11.Re1 Nc7 12.Nc4 b6 13.f4 Bb7 14.Bf3 Ba8 15.Kh1 b5
16.axb5 axb5 17.Na5 Nb6 18.Ra2 e6 19.dxe6 fxe6 20.Ne2 e5 21.c3 Qe7 22.b4 Rbd8
23.bxc5 dxc5 24.Qc2 exf4 25.Nb3 Qe5 26.Ra7 Nc4 27.Qa2 Kh8 28.Na5 Nb6 29.Nb3 Na4
30.c4 bxc4 31.Nd2 Nb6 32.Nxc4 Nxc4 33.Qxc4 Ne6 34.Ba3 Rfe8 35.Rb1 Rb8 36.Rd1 Bc6
37.Qc2 Ra8 38.Rxg7 Rxa3 39.Rf7 Kg8 40.Rfd7 Bxd7 41.Rxd7 Ra1+ 42.Ng1 Rd8  0-1

[Event "Rubinstein Mem"]
[Site "Polanica Zdroj POL"]
[Date "2000.08.18"]
[Round "2"]
[White "Ivanchuk,V"]
[Black "Fedorov,Alex"]
[Result "1-0"]
[WhiteElo "2719"]
[BlackElo "2646"]

1.e4 c5 2.Nf3 d6 3.d4 cxd4 4.Nxd4 Nf6 5.Nc3 g6 6.Be3 Bg7 7.f3 O-O 8.Qd2 Nc6
9.O-O-O d5 10.exd5 Nxd5 11.Nxc6 bxc6 12.Nxd5 cxd5 13.Qxd5 Qc7 14.Qc5 Qb7
15.Qa3 Bf5 16.Bd3 Rab8 17.b3 Rbc8 18.Bxf5 gxf5 19.Rd3 Qc6 20.c4 Qf6 21.Rhd1 Rc6
22.Bd4 e5 23.Bc3 Ra6 24.Qb2 Qh6+ 25.Kb1 Qxh2 26.Rd8 Bf6 27.R8d7 Bg7 28.Qc2 Rg6
29.R1d2 Qg1+ 30.Kb2 f4 31.Re2 Rg5 32.b4 a5 33.b5 h5 34.Qd1 Qc5 35.Qd5 Qg1
36.Rxf7 Rxf7 37.Qd8+ Rf8 38.Qxg5 Qf1 39.Rc2  1-0

[Event "Rubinstein Mem"]
[Site "Polanica Zdroj POL"]
[Date "2000.08.19"]
[Round "3"]
[White "Fedorov,Alex"]
[Black "Van Wely,L"]
[Result "0-1"]
[WhiteElo "2646"]
[BlackElo "2643"]

1.e4 c5 2.Nf3 d6 3.d4 cxd4 4.Nxd4 Nf6 5.Nc3 a6 6.f3 e6 7.Be3 b5 8.g4 h6 9.Qd2 Nbd7
10.O-O-O Bb7 11.Bd3 Ne5 12.Rhe1 Rc8 13.Kb1 Nfd7 14.f4 Nc4 15.Qe2 Nxe3 16.Qxe3 Qb6
17.Nd5 Qc5 18.b4 Qa7 19.h4 e5 20.fxe5 dxe5 21.Nf5 Qxe3 22.Nfxe3 g6 23.Kb2 Be7
24.Rh1 Nf6 25.Nxf6+ Bxf6 26.c4 bxc4 27.Nxc4 Rd8 28.Bc2 Ke7 29.h5 Rd4 30.Rxd4 exd4
31.Bd3 Bc8 32.Nb6 Bxg4 33.Nd5+ Ke6 34.hxg6 fxg6 35.Nf4+ Kf7 36.e5 Bg5 37.Nxg6 Rb8
38.a3 h5 39.Nf4 Bxf4 40.Rf1 Ke6 41.Rxf4 Kxe5 42.Re4+ Kd5 43.Re7 a5 44.b5 a4
45.Kc2 h4 46.Rh7 h3 47.Rh4 Bd7 48.Rh5+ Kd6 49.Bf1 Rc8+ 50.Kd2 Rc3 51.Rh6+ Kd5
52.b6 Rb3 53.Rh7 Bf5 54.Rh5 Ke4 55.Rh6 Kf4 56.b7 Rxb7 57.Bxh3 Rb2+ 58.Kc1 Rc2+
59.Kd1 Rh2 60.Rd6 Ke5 61.Rxd4 Bc2+  0-1

[Event "Rubinstein Mem"]
[Site "Polanica Zdroj POL"]
[Date "2000.08.19"]
[Round "3"]
[White "Gelfand,B"]
[Black "Ivanchuk,V"]
[Result "1/2-1/2"]
[WhiteElo "2681"]
[BlackElo "2719"]

1.Nf3 c5 2.c4 Nc6 3.d4 cxd4 4.Nxd4 Nf6 5.g3 Qb6 6.Nc2 e6 7.Bg2 d5 8.O-O Be7
9.cxd5 exd5 10.Nc3 O-O 11.Nxd5 Nxd5 12.Qxd5 Be6 13.Qe4 Bf6 14.a4 Rac8 15.Be3 Qxb2
16.Rab1 Qa2 17.Rxb7 a5 18.Rb6 Ne7 19.Nd4 Rc4 20.Rxe6 fxe6 21.Bh3 Kh8 22.Bxe6 Qxe2
23.Bxc4 Qxc4 24.Qc2 Rc8 25.Rc1 Qxc2 26.Rxc2 Rxc2 27.Nxc2 Nd5 28.Na3 Nc3 29.Bd2 Nxa4
30.Bxa5 Kg8 31.Nc4 Nc5 32.Bb6 Nd7 33.Bc7 Kf7 34.Kg2 Ke6 35.Kf3 Bd4 36.Ne3 Nf6
37.Bd8 Nd5 38.Nc4 Bf6 39.Ba5 Bc3 40.Bd8 Bf6 41.Bb6 Be7  1/2-1/2

[Event "Rubinstein Mem"]
[Site "Polanica Zdroj POL"]
[Date "2000.08.19"]
[Round "3"]
[White "Krasenkow,M"]
[Black "Movsesian,S"]
[Result "0-1"]
[WhiteElo "2702"]
[BlackElo "2666"]

1.Nf3 Nf6 2.c4 c6 3.Nc3 d5 4.d4 a6 5.c5 Nbd7 6.Bf4 Nh5 7.Bd2 Nhf6 8.b4 g6
9.Qc1 h6 10.e3 Bg7 11.Bd3 O-O 12.O-O e5 13.Nxe5 Nxe5 14.dxe5 Ng4 15.Na4 Qh4
16.h3 Nxe5 17.Be2 Bxh3 18.gxh3 Qxh3 19.f4 Qg3+ 20.Kh1 d4 21.Qe1 Qh3+ 22.Kg1 dxe3
23.Bc3 Ng4 24.Bxg4 Qxg4+ 25.Kh2 Rfe8 26.Qg3 Qf5 27.Bxg7 Kxg7 28.Nb6 Rad8
29.Rae1 Rd2+ 30.Kg1 Re4 31.a3 Qf6 32.Nc8 Qd4 33.Rf3 e2+ 34.Kg2 Rd1 35.Nd6 Qa1  0-1

[Event "Rubinstein Mem"]
[Site "Polanica Zdroj POL"]
[Date "2000.08.20"]
[Round "4"]
[White "Van Wely,L"]
[Black "Gelfand,B"]
[Result "1/2-1/2"]
[WhiteElo "2643"]
[BlackElo "2681"]

1.d4 Nf6 2.c4 e6 3.Nc3 Bb4 4.Qc2 d5 5.cxd5 Qxd5 6.e3 c5 7.Bd2 Bxc3 8.Bxc3 cxd4
9.Bxd4 Nc6 10.Bc3 Bd7 11.Nf3 Rc8 12.a3 Ne7 13.Rd1 Qc5 14.e4 Bb5 15.Be2 Qc6
16.Bxb5 Qxb5 17.Nd4 Qc4 18.f3 Nc6 19.Nxc6 Rxc6 20.Qf2 Qc5 21.Qg3 Nh5 22.Qb8+ Rc8
23.Qxb7 O-O 24.Qd7 f5 25.Qd4 Qb5 26.Qe5 Qxe5 27.Bxe5 fxe4 28.Rf1 Nf4 29.Bxf4 Rxf4
30.Ke2 exf3+ 31.Rxf3 Rxf3 32.gxf3 Kf7 33.Rd7+ Kf6 34.Kd3 a5 35.Ra7 Rb8 36.Kc3 Rc8+
37.Kd3 Rb8 38.Kc3  1/2-1/2

[Event "Rubinstein Mem"]
[Site "Polanica Zdroj POL"]
[Date "2000.08.20"]
[Round "4"]
[White "Shirov,A"]
[Black "Krasenkow,M"]
[Result "1-0"]
[WhiteElo "2746"]
[BlackElo "2702"]

1.e4 e5 2.Nf3 Nc6 3.Bb5 Nf6 4.O-O Nxe4 5.d4 Nd6 6.Bxc6 dxc6 7.dxe5 Nf5 8.Qxd8+ Kxd8
9.Nc3 Bd7 10.b3 h6 11.Bb2 Kc8 12.Rad1 a5 13.h3 b6 14.a4 Bb4 15.Ne2 Re8 16.Nf4 g6
17.g4 Ng7 18.Rd3 Ne6 19.Nxe6 Bxe6 20.Nd4 Bd7 21.Ne2 Bd6 22.f4 f5 23.exd6 Rxe2
24.dxc7 Kxc7 25.Be5+ Kc8 26.Rfd1 Be6 27.Rd6  1-0

[Event "Rubinstein Mem"]
[Site "Polanica Zdroj POL"]
[Date "2000.08.20"]
[Round "4"]
[White "Svidler,P"]
[Black "Ivanchuk,V"]
[Result "1/2-1/2"]
[WhiteElo "2689"]
[BlackElo "2719"]

1.e4 c5 2.Nf3 Nc6 3.Nc3 Nf6 4.d4 cxd4 5.Nxd4 e5 6.Ndb5 d6 7.Bg5 a6 8.Na3 b5
9.Nd5 Be7 10.Bxf6 Bxf6 11.c3 O-O 12.Nc2 Bg5 13.a4 bxa4 14.Rxa4 a5 15.Bb5 Ne7
16.Ncb4 Bd7 17.Nxe7+ Bxe7 18.Bxd7 axb4 19.Bc6 Rxa4 20.Qxa4 bxc3 21.bxc3 Qb8
22.O-O Bd8  1/2-1/2

[Event "Rubinstein Mem"]
[Site "Polanica Zdroj POL"]
[Date "2000.08.21"]
[Round "5"]
[White "Krasenkow,M"]
[Black "Almasi,Z"]
[Result "1-0"]
[WhiteElo "2702"]
[BlackElo "2668"]

1.Nf3 d5 2.c4 c6 3.e3 Nf6 4.Nc3 e6 5.d4 Nbd7 6.Bd3 dxc4 7.Bxc4 b5 8.Bd3 Bb7
9.O-O a6 10.e4 c5 11.d5 Qc7 12.dxe6 fxe6 13.Bc2 Bd6 14.Ng5 Nf8 15.f4 O-O-O
16.Qe1 e5 17.Nd5 Nxd5 18.exd5 exf4 19.Bd2 b4 20.Rc1 Kb8 21.Bb3 a5 22.a3 Ng6
23.axb4 axb4 24.Ne6 Qb6 25.Nxd8 Rxd8 26.Bc4 Be5 27.Rd1 Qd6 28.Qe2 f3 29.gxf3 Bxb2
30.Bxb4 cxb4 31.Qxb2 Ne5 32.Be2 Qc5+ 33.Kh1 Qc3 34.Rb1 Qxb2 35.Rxb2 Rxd5
36.Rxb4 Kc7 37.Rc1+ Bc6 38.Kg1 Kd7 39.f4 Nd3 40.Bxd3 Rxd3 41.f5 Rd6 42.Rh4 Ke7
43.Rxh7 Kf6 44.Rc5 Be4 45.Rh8 Rd7 46.Kf2 Rd5 47.Rxd5 Bxd5 48.Ke3 Kxf5 49.Rh5+ Ke6
50.Rg5  1-0

[Event "Rubinstein Mem"]
[Site "Polanica Zdroj POL"]
[Date "2000.08.21"]
[Round "5"]
[White "Ivanchuk,V"]
[Black "Van Wely,L"]
[Result "0-1"]
[WhiteElo "2719"]
[BlackElo "2643"]

1.e4 c5 2.Nf3 d6 3.d4 cxd4 4.Nxd4 Nf6 5.Nc3 a6 6.Be2 e6 7.O-O Be7 8.f4 O-O
9.Kh1 Nc6 10.Nxc6 bxc6 11.e5 dxe5 12.fxe5 Nd7 13.Bf4 Bg5 14.Bg3 Bh4 15.Bf4 Bg5
16.Qd2 Bxf4 17.Qxf4 Qa5 18.Rad1 Qxe5 19.Qh4 h6 20.Bd3 Qg5 21.Qe4 g6 22.Qxc6 Rb8
23.Ne4 Qa5 24.b3 Kg7 25.Qd6 Rb6 26.Qe7 Qb4 27.Qh4 f5 28.c3 Qa3 29.Nd2 Qd6
30.Rf3 g5 31.Qf2 Qc5 32.Qe2 Bb7 33.Rh3 e5 34.Nc4 Re6 35.b4 Qc7 36.Na5 e4
37.Bc4 Ref6 38.Qf2 Ba8 39.Bf1 Ne5 40.c4 f4 41.Qb2 e3 42.Kg1 g4 43.Rh5 Nf3+
44.gxf3 gxf3  0-1

[Event "Rubinstein Mem"]
[Site "Polanica Zdroj POL"]
[Date "2000.08.21"]
[Round "5"]
[White "Gelfand,B"]
[Black "Movsesian,S"]
[Result "1-0"]
[WhiteElo "2681"]
[BlackElo "2666"]

1.d4 Nf6 2.c4 c6 3.Nc3 d5 4.Nf3 a6 5.c5 Nbd7 6.Bf4 Nh5 7.e3 g6 8.Bd3 Bg7
9.O-O f6 10.h3 Nxf4 11.exf4 e5 12.f5 e4 13.Bxe4 dxe4 14.Nxe4 O-O 15.Qb3+ Kh8
16.Nd6 Bh6 17.Rfe1 Kg7 18.Re4 Nxc5 19.dxc5 gxf5 20.Re8 Qxe8 21.Nxe8+ Rxe8
22.g3 a5 23.Re1 Rxe1+ 24.Nxe1 a4 25.Qb6 Bd2 26.Qc7+ Kg6 27.Nf3 Bc1 28.Nh4+ Kh6
29.Qf7  1-0

[Event "Rubinstein Mem"]
[Site "Polanica Zdroj POL"]
[Date "2000.08.23"]
[Round "6"]
[White "Movsesian,S"]
[Black "Ivanchuk,V"]
[Result "1/2-1/2"]
[WhiteElo "2666"]
[BlackElo "2719"]

1.e4 e5 2.Nf3 Nc6 3.Bb5 a6 4.Ba4 Nf6 5.O-O Nxe4 6.d4 b5 7.Bb3 d5 8.dxe5 Be6
9.Nbd2 Nc5 10.c3 Bg4 11.Bc2 Qd7 12.Re1 Rd8 13.h3 Bh5 14.Nf1 Be7 15.g4 Bg6
16.Ng3 Bxc2 17.Qxc2 Ne6 18.a4 O-O 19.axb5 axb5 20.Nf5 Rfe8 21.Be3 Bf8 22.Rad1 g6
23.Nh6+ Kh8 24.g5 Bxh6 25.gxh6 b4 26.Qd2 bxc3 27.bxc3 Kg8 28.Bg5 Nxg5 29.Qxg5 Qe7
30.Qf4 Rd7 31.Qf6 Qxf6 32.exf6 Rf8 33.c4 d4 34.Ng5 Rd6 35.Ne4 Re6 36.Nc5 Re5
37.Rxe5 Nxe5 38.f4 Nxc4 39.Rxd4 Nd6 40.Na6 Ne8 41.Kg2 Nxf6 42.Nxc7 Kh8 43.Rd6 Ng8
44.f5 Nxh6 45.f6 Nf5 46.Rd7 Kg8 47.Nd5 Re8 48.Kf2 h6 49.Nc7 Rb8 50.Nd5 Re8
51.Nc7 Rb8 52.Nd5 Kf8 53.Nc7 Rb2+ 54.Ke1 Rb1+ 55.Kf2 Rb8 56.Kf3 Kg8 57.Ke4 Rc8
58.Kf4 Nd4 59.Nd5 Kf8 60.Ke5 Nf3+ 61.Kf4 Ng5 62.h4 Rc4+ 63.Ke3 Ne6 64.Ra7 Rc8
65.Nb6 Re8 66.Nd7+ Kg8 67.Ne5 Ng7 68.Kd4 Nf5+ 69.Kd5 Ne3+ 70.Kd4 Nf5+ 71.Kd5 Re6
72.Ra8+ Kh7 73.Rh8+ Kxh8 74.Nxf7+ Kg8 75.Kxe6 Kf8 76.Ne5 Nd4+ 77.Kd5 Ne2
78.Nxg6+ Kf7 79.Ne5+ Kxf6 80.Ng4+ Kg6  1/2-1/2

[Event "Rubinstein Mem"]
[Site "Polanica Zdroj POL"]
[Date "2000.08.23"]
[Round "6"]
[White "Svidler,P"]
[Black "Van Wely,L"]
[Result "0-1"]
[WhiteElo "2689"]
[BlackElo "2643"]

1.e4 c5 2.Nf3 d6 3.c3 Nf6 4.Bd3 Nc6 5.Bc2 Bg4 6.h3 Bxf3 7.Qxf3 g6 8.O-O Bg7
9.Qe2 O-O 10.d3 b5 11.Nd2 Nd7 12.Nf3 b4 13.Bd2 Rb8 14.Ba4 Qc7 15.Rfc1 Rfc8
16.d4 bxc3 17.bxc3 Rb2 18.Qa6 Ncb8 19.Qd3 Nb6 20.Bd1 Nc6 21.Rcb1 Rxb1 22.Rxb1 cxd4
23.cxd4 d5 24.e5 Nc4 25.Bg5 e6 26.h4 Rb8 27.Bb3 N6a5 28.h5 Nxb3 29.axb3 Nb6
30.hxg6 fxg6 31.Bd2 Nd7 32.b4 Nf8 33.b5 Qd7 34.Ne1 h6 35.Qb3 Qf7 36.Ra1 g5
37.Nd3 Ng6 38.Nc5 Nh4 39.Ra6 Rb6 40.Ba5 Rxa6 41.bxa6 Qf5 42.Qh3 Qxh3 43.gxh3 Nf3+
44.Kg2 Nxd4 45.Nd7 Kf7 46.Bb6 Nb5 47.Bc5 Ke8 48.Nb8 Bxe5 49.Nc6 Bf4  0-1

[Event "Rubinstein Mem"]
[Site "Polanica Zdroj POL"]
[Date "2000.08.23"]
[Round "6"]
[White "Markowski,T"]
[Black "Krasenkow,M"]
[Result "0-1"]
[WhiteElo "2568"]
[BlackElo "2702"]

1.g3 e5 2.c4 Nf6 3.Bg2 c6 4.d4 exd4 5.Qxd4 d5 6.Nf3 Be6 7.cxd5 cxd5 8.O-O Nc6
9.Qa4 Bc5 10.Nbd2 O-O 11.Nb3 Bb6 12.Nbd4 Qd7 13.Nxe6 fxe6 14.Rd1 e5 15.e3 Qf5
16.Rf1 Rad8 17.Bd2 Ne4 18.Rad1 Qh5 19.Nh4 g5 20.Bxe4 dxe4 21.Ng2 Rd6 22.Bc3 Rh6
23.h4 gxh4 24.Qc4+ Kh8 25.Nxh4 Qg4 26.Qd5 Rxh4 27.Bxe5+ Nxe5 28.Qxe5+ Kg8
29.Rd5 Bxe3  0-1

[Event "Rubinstein Mem"]
[Site "Polanica Zdroj POL"]
[Date "2000.08.24"]
[Round "7"]
[White "Van Wely,L"]
[Black "Movsesian,S"]
[Result "1/2-1/2"]
[WhiteElo "2643"]
[BlackElo "2666"]

1.d4 Nf6 2.c4 e6 3.Nf3 d5 4.Nc3 dxc4 5.e4 Bb4 6.Bg5 c5 7.Bxc4 cxd4 8.Nxd4 Bxc3+
9.bxc3 Qa5 10.Bb5+ Nbd7 11.Bxf6 Qxc3+ 12.Kf1 gxf6 13.h4 a6 14.Rh3 Qa5 15.Be2 Nc5
16.Nb3 Nxb3 17.Qxb3 b6 18.Rb1 Bb7 19.Qxb6 Qxb6 20.Rxb6 Bxe4 21.Bxa6 f5 22.Rc3 Ke7
23.f3 Bd5 24.Rc7+ Kf6 25.a4 Rhb8 26.Rxb8 Rxb8 27.Bb5 e5 28.Kf2 h5 29.g3 Ke6
30.f4 exf4 31.gxf4 Rg8 32.Be2 Rg2+ 33.Ke3 Rh2 34.Bxh5 Kd6 35.Rc8 Rh3+ 36.Ke2 Rh2+
37.Ke3 Rh3+ 38.Kf2 Rxh4 39.Bf3 Rxf4 40.Rd8+ Kc6 41.Rxd5 Rxf3+ 42.Kxf3 Kxd5
43.Kf4 Kc5 44.Kxf5 Kb4 45.Kf6 Kxa4 46.Kxf7  1/2-1/2

[Event "Rubinstein Mem"]
[Site "Polanica Zdroj POL"]
[Date "2000.08.24"]
[Round "7"]
[White "Ivanchuk,V"]
[Black "Shirov,A"]
[Result "1/2-1/2"]
[WhiteElo "2719"]
[BlackElo "2746"]

1.d4 Nf6 2.c4 g6 3.Nc3 d5 4.Nf3 Bg7 5.Qb3 dxc4 6.Qxc4 O-O 7.e4 a6 8.Qb3 b5
9.e5 Nfd7 10.e6 fxe6 11.Be3 Nf6 12.Be2 Nc6 13.O-O Qd6 14.Rac1 Na5 15.Qc2 Bb7
16.Rfd1 Nc4 17.Bxc4 Bxf3 18.gxf3 bxc4 19.Ne4 Qd5 20.Qxc4 Qf5 21.Nxf6+ Rxf6
22.Qc2 Qxf3 23.Qc6 Kf7 24.Qxf3 Rxf3 25.Rxc7 Rf5 26.Rdc1 Ra5 27.a3 Rb5 28.R1c2 Rab8
29.Ra7 Rxb2 30.Rxb2 Rxb2 31.Rxa6 Rb5 32.Ra4 Rb3 33.h3 h5  1/2-1/2

[Event "Rubinstein Mem"]
[Site "Polanica Zdroj POL"]
[Date "2000.08.24"]
[Round "7"]
[White "Krasenkow,M"]
[Black "Svidler,P"]
[Result "1-0"]
[WhiteElo "2702"]
[BlackElo "2689"]

1.d4 Nf6 2.c4 g6 3.Nc3 d5 4.cxd5 Nxd5 5.e4 Nxc3 6.bxc3 Bg7 7.Nf3 c5 8.Rb1 O-O
9.Be2 cxd4 10.cxd4 Qa5+ 11.Bd2 Qxa2 12.O-O Bg4 13.Bg5 h6 14.Be3 Nc6 15.d5 Bxf3
16.gxf3 Nd4 17.Bd3 Qa3 18.f4 Qd6 19.Rxb7 Rfb8 20.Qb1 Nf3+ 21.Kg2 Nh4+ 22.Kh1 g5
23.Rg1 gxf4 24.Bc5 Qe5 25.Bd4 Rxb7 26.Qxb7 Qxd4 27.Qxa8+ Kh7 28.Bb1 Qe5 29.Qe8 Nf3
30.Rc1 Kg6 31.Rc6+ Bf6 32.Qg8+ Kh5 33.Qxf7+ Kh4 34.Qg6 Bg5 35.Kg2 Nd4 36.f3 Qb8
37.e5 Qxe5 38.Qe4 Nxc6 39.dxc6 Bf6 40.c7 Qxc7  1-0

[Event "Rubinstein Mem"]
[Site "Polanica Zdroj POL"]
[Date "2000.08.25"]
[Round "8"]
[White "Svidler,P"]
[Black "Movsesian,S"]
[Result "1/2-1/2"]
[WhiteElo "2689"]
[BlackElo "2666"]

1.e4 c5 2.Nf3 Nc6 3.d4 cxd4 4.Nxd4 Qc7 5.Nc3 e6 6.g3 a6 7.Bg2 d6 8.O-O Bd7
9.Re1 Be7 10.Nxc6 Bxc6 11.Qg4 h5 12.Qe2 h4 13.a4 hxg3 14.hxg3 Nf6 15.a5 Rc8
16.Be3 Kf8 17.Red1 e5 18.Rd2  1/2-1/2

[Event "Rubinstein Mem"]
[Site "Polanica Zdroj POL"]
[Date "2000.08.25"]
[Round "8"]
[White "Markowski,T"]
[Black "Gelfand,B"]
[Result "1/2-1/2"]
[WhiteElo "2568"]
[BlackElo "2681"]

1.g3 e5 2.c4 Nf6 3.Bg2 c6 4.d4 exd4 5.Qxd4 d5 6.Nf3 Be6 7.cxd5 cxd5 8.O-O Nc6
9.Qa4 Bc5 10.Ne5 O-O 11.Nxc6 Qd7 12.Bg5 Qxc6 13.Qxc6 bxc6 14.Bxf6 gxf6 15.Nc3 Rab8
16.Rac1 Be7 17.b3 Rfc8 18.Rfd1 Ba3 19.Rc2 Bf5 20.e4 Bg4 21.Rdd2 Bb4 22.h3 Be6
23.exd5 cxd5 24.Nxd5 Bxd5 25.Rxc8+ Rxc8 26.Rxd5 Rc2 27.a4 Bc5 28.Rf5 Rc3
29.g4 Kg7 30.Bf1 Bb4 31.Bc4 Rxh3 32.Kg2 Rh4 33.Be2 Bd6 34.Rd5 Be5 35.a5 Rh2+
36.Kg1 Rh3 37.f3 Bf4 38.Rf5 Bd6 39.Bf1 Rh4 40.Kf2 h5 41.gxh5 Be5 42.Ke3 Bd4+
43.Kd2 Be5 44.Bc4 Kf8 45.Ke3 Bd4+ 46.Ke2 Be5 47.Ke3 Bd4+ 48.Ke2 Be5 49.Bd3 Kg7
50.Be4 Kh6 51.Kd3 Rxh5 52.Rxh5+ Kxh5 53.Kc4 Kg5 54.b4 f5 55.Bd5 Kf6 56.b5 Ke7
57.b6 axb6 58.a6 Bb8 59.Kb5 Ba7 60.Kc6 b5 61.Kb7 Be3 62.f4 Kf6  1/2-1/2

[Event "Rubinstein Mem"]
[Site "Polanica Zdroj POL"]
[Date "2000.08.25"]
[Round "8"]
[White "Almasi,Z"]
[Black "Ivanchuk,V"]
[Result "0-1"]
[WhiteElo "2668"]
[BlackElo "2719"]

1.e4 c5 2.Nf3 Nc6 3.d4 cxd4 4.Nxd4 e6 5.Nb5 d6 6.Bf4 e5 7.Be3 Nf6 8.Bg5 a6
9.N5c3 Be7 10.Nd2 Bg4 11.Be2 Bxe2 12.Nxe2 d5 13.Bxf6 Bxf6 14.O-O O-O 15.c4 dxe4
16.Nxe4 Be7 17.c5 Qc7 18.Qb3 Rad8 19.Rfd1 g6 20.Qc4 Na5 21.Qb4 Kg7 22.N2c3 Nc6
23.Qc4 f5 24.Nd6 Bxd6 25.cxd6 Rxd6 26.Rxd6 Qxd6 27.Rd1 Nd4 28.f4 b5 29.Qd3 Rd8
30.Kh1 b4 31.Ne2 Nb5 32.Qxd6 Rxd6 33.Rxd6 Nxd6 34.fxe5 Nc4 35.b3 Nxe5 36.Nf4 a5
37.h4 Kf6 38.Kg1 Ng4 39.Nd3 Ke6 40.Nc5+ Kd6 41.Nb7+ Kc7  0-1

[Event "Rubinstein Mem"]
[Site "Polanica Zdroj POL"]
[Date "2000.08.26"]
[Round "9"]
[White "Van Wely,L"]
[Black "Almasi,Z"]
[Result "1/2-1/2"]
[WhiteElo "2643"]
[BlackElo "2668"]

1.d4 d5 2.c4 c6 3.Nc3 Nf6 4.Nf3 dxc4 5.a4 Bf5 6.e3 e6 7.Bxc4 Bb4 8.O-O O-O
9.Qe2 Bg6 10.Ne5 Nbd7 11.Nxg6 hxg6 12.Na2 Bd6 13.e4 e5 14.f4 exd4 15.e5 Bc5
16.Kh1 Nd5 17.b4 Be7 18.a5 Re8 19.Bd2 Nf8 20.Qe4 Qd7 21.Qxd4 Red8 22.Qb2 b5
23.Be2 Rac8 24.Rad1 a6 25.Bf3 Qa7 26.Qb3 Rc7 27.Be4 Qd4 28.Qf3 Rcd7 29.Bc2 Qb2
30.Bb1 Bxb4 31.Nxb4 Nxb4 32.Bc3 Qb3 33.Rxd7 Rxd7 34.f5 gxf5 35.Bxf5 Re7 36.e6 Na2
37.Bc2 Qxe6 38.Bd2 Qe2 39.Bb3 Qxf3 40.gxf3 Rd7 41.Rf2 Nc3 42.Bxc3 Rd3 43.Rc2 b4
44.Bxf7+ Kxf7 45.Bxb4 Rxf3 46.Rxc6 Ng6 47.Rxa6 Nf4 48.Kg1 g5 49.Ra8 Rb3 50.Bd6 Rd3
51.Bc7 Rc3 52.Bb6 Nd5 53.Bd8 Kg6 54.Rb8 Rc1+ 55.Kf2 Rc2+ 56.Kf3 Rxh2 57.Rb5 Rh3+
58.Kf2 Rd3 59.a6 Nb4 60.Bc7 Nxa6 61.Rb6+ Kf5 62.Rxa6 Rd5 63.Bb6 Rb5 64.Be3 Kg4
65.Kg2 Rb2+ 66.Bf2 Rb5 67.Ra4+ Kh5 68.Be3 Re5 69.Kf3 Rf5+ 70.Ke4 Rb5 71.Ra1 Kg6
72.Bd4 Rb4 73.Ra8 Rb5 74.Rd8 Kh5 75.Kf3 Rb3+ 76.Be3 Rb5 77.Rh8+ Kg6 78.Ke4 Rb4+
79.Ke5 Rb5+ 80.Ke6 Ra5 81.Bd4 Ra6+ 82.Ke5 Ra5+ 83.Ke4 Rb5 84.Be5 Rb4+ 85.Kd5 Kf5
86.Rf8+ Kg4 87.Rf1 Rb5+ 88.Ke6 Rb6+ 89.Kf7 Rb5 90.Kf6 Rb6+ 91.Kg7 Rb5 92.Bf6 Kh3
93.Rf3+ Kh2 94.Ra3 g4 95.Bh4 Rh5 96.Bg3+ Kg2 97.Bd6 Rd5 98.Ra2+ Kf3 99.Bb8 Rb5
100.Ra3+ Kg2 101.Ba7 g3 102.Kf6 Kh2 103.Be3 g2 104.Ra8 Rb1 105.Rh8+ Kg3 106.Rg8+ Kf3
107.Bc5 Rc1  1/2-1/2